[Event "CAN-op"]
[Site "Edmonton CAN"]
[Date "2005.07.14"]
[Round "7"]
[White "Henry, Liam"]
[Black "Gentes, Kevin"]
[Result "0-1"]
[WhiteElo "2062"]
[BlackElo "2331"]
[PlyCount "58"]
[GameId "2160767910901917"]
[EventDate "2005.07.09"]
[EventType "swiss"]
[EventRounds "10"]
[EventCountry "CAN"]
[SourceTitle "CBM 107 Extra"]
[Source "ChessBase"]
[SourceDate "2005.09.01"]
[SourceVersion "1"]
[SourceVersionDate "2005.09.01"]
[SourceQuality "1"]

1. e4 c5 2. Nf3 d6 3. d4 cxd4 4. Nxd4 Nf6 5. Nc3 a6 6. Bc4 e6 7. Bb3 Be7 8. O-O O-O 9. f4 b5 10. f5 e5 11. Nde2 Bb7 12. Ng3 b4 13. Nd5 Nxd5 14. Bxd5 Bxd5 15. Qxd5 Qb6+ 16. Kh1 Nd7 17. Nh5 Rac8 18. f6 Nxf6 19. Nxf6+ Bxf6 20. Rxf6 gxf6 21. Bh6 Qd4 22. Qb7 Rfe8 23. h3 Qf2 24. Qd7 Qh4 25. Bd2 Qxe4 26. Re1 Qxc2 27. Bxb4 Qxb2 28. Bxd6 Qd2 29. Re4 f5 0-1

[Event "CAN-op"]
[Site "Edmonton CAN"]
[Date "2005.07.14"]
[Round "7"]
[White "Henson, Joshua"]
[Black "Lafreniere, Adrian"]
[Result "1-0"]
[WhiteElo "2221"]
[BlackElo "1703"]
[PlyCount "49"]
[GameId "2160767910901918"]
[EventDate "2005.07.09"]
[EventType "swiss"]
[EventRounds "10"]
[EventCountry "CAN"]
[SourceTitle "CBM 107 Extra"]
[Source "ChessBase"]
[SourceDate "2005.09.01"]
[SourceVersion "1"]
[SourceVersionDate "2005.09.01"]
[SourceQuality "1"]

1. e4 c6 2. d4 d5 3. e5 Bf5 4. Nc3 e6 5. g4 Bg6 6. Nge2 h6 7. Be3 Qc7 8. Bg2 Nd7 9. O-O a6 10. f4 Ne7 11. Ng3 f5 12. Bh3 O-O-O 13. gxf5 Bxf5 14. Nxf5 exf5 15. Qd3 g6 16. Na4 Kb8 17. b4 Nc8 18. Nc5 Nxc5 19. bxc5 Ka7 20. Rab1 Rh7 21. Kh1 Re8 22. Rb3 Rd7 23. Rfb1 Qb8 24. Bf1 b5 25. cxb6+ 1-0

[Event "CAN-op"]
[Site "Edmonton CAN"]
[Date "2005.07.14"]
[Round "7"]
[White "Hill, Roderick"]
[Black "Faust, Steven"]
[Result "1-0"]
[WhiteElo "1904"]
[BlackElo "1722"]
[PlyCount "35"]
[GameId "2160767910901919"]
[EventDate "2005.07.09"]
[EventType "swiss"]
[EventRounds "10"]
[EventCountry "CAN"]

1. e4 e6 2. d4 d5 3. e5 c5 4. c3 Qb6 5. Nf3 Bd7 6. Be2 Bb5 7. O-O Bxe2 8. Qxe2 Nc6 9. Be3 cxd4 10. Bxd4 Nxd4 11. cxd4 Rc8 12. Nc3 a6 13. Rac1 Ne7 14. Na4 Qa7 15. Rxc8+ Nxc8 16. Qc2 Qb8 17. Rc1 Kd8 18. Ng5 1-0

[Event "CAN-op"]
[Site "Edmonton CAN"]
[Date "2005.07.14"]
[Round "7"]
[White "Huber, Gregory"]
[Black "Hughey, Micah"]
[Result "1-0"]
[WhiteElo "2310"]
[BlackElo "2027"]
[PlyCount "35"]
[GameId "2160767910901920"]
[EventDate "2005.07.09"]
[EventType "swiss"]
[EventRounds "10"]
[EventCountry "CAN"]
[SourceTitle "CBM 107 Extra"]
[Source "ChessBase"]
[SourceDate "2005.09.01"]
[SourceVersion "1"]
[SourceVersionDate "2005.09.01"]
[SourceQuality "1"]

1. e4 e5 2. Nc3 Bc5 3. f4 Nc6 4. Nf3 d6 5. Bc4 Nf6 6. d3 Na5 7. Bb3 Nxb3 8. axb3 a6 9. Qe2 h6 10. fxe5 dxe5 11. Nxe5 O-O 12. Be3 Bb4 13. O-O Bxc3 14. bxc3 Qe7 15. Nf3 Bd7 16. h3 a5 17. Qf2 b6 18. Nd4 1-0

[Event "CAN-op"]
[Site "Edmonton CAN"]
[Date "2005.07.14"]
[Round "7"]
[White "Hyseni, Astrit"]
[Black "Schulz, Waldemar"]
[Result "0-1"]
[WhiteElo "1805"]
[BlackElo "2056"]
[PlyCount "56"]
[GameId "2160767910901921"]
[EventDate "2005.07.09"]
[EventType "swiss"]
[EventRounds "10"]
[EventCountry "CAN"]
[SourceTitle "CBM 107 Extra"]
[Source "ChessBase"]
[SourceDate "2005.09.01"]
[SourceVersion "1"]
[SourceVersionDate "2005.09.01"]
[SourceQuality "1"]

1. d4 Nf6 2. e3 d5 3. c4 g6 4. Nc3 Bg7 5. Bd3 O-O 6. Bd2 a6 7. b4 dxc4 8. Bxc4 Qd6 9. Rb1 Bf5 10. Rb2 Nbd7 11. a4 e5 12. Nf3 Ne4 13. dxe5 Nxe5 14. Nxe5 Qxe5 15. Rb3 Rad8 16. Nxe4 Qxe4 17. Bf1 Rd7 18. Qc1 Rfd8 19. Bc3 Rd1+ 20. Qxd1 Rxd1+ 21. Kxd1 Qc2+ 22. Ke1 Bxc3+ 23. Rxc3 Qxc3+ 24. Ke2 Bd3+ 25. Kf3 Qe1 26. Bxd3 Qxh1 27. h3 Qd1+ 28. Be2 Qxa4 0-1

[Event "CAN-op"]
[Site "Edmonton CAN"]
[Date "2005.07.14"]
[Round "7"]
[White "Ingram, Richard"]
[Black "Sasata, Robert"]
[Result "0-1"]
[WhiteElo "2056"]
[BlackElo "2323"]
[PlyCount "90"]
[GameId "2160767910901922"]
[EventDate "2005.07.09"]
[EventType "swiss"]
[EventRounds "10"]
[EventCountry "CAN"]
[SourceTitle "CBM 107 Extra"]
[Source "ChessBase"]
[SourceDate "2005.09.01"]
[SourceVersion "1"]
[SourceVersionDate "2005.09.01"]
[SourceQuality "1"]

1. e4 e5 2. Nf3 Nc6 3. Bb5 a6 4. Bxc6 dxc6 5. O-O Bg4 6. h3 h5 7. d3 Qf6 8. Nbd2 Ne7 9. Nc4 Bxf3 10. Qxf3 Qxf3 11. gxf3 Ng6 12. Be3 O-O-O 13. Rfd1 Be7 14. d4 exd4 15. Rxd4 Rxd4 16. Bxd4 Rd8 17. Bc3 Nf4 18. Kh2 g6 19. Bd2 Ne6 20. Be3 Nd4 21. Rc1 Nxf3+ 22. Kg3 Ng5 23. f3 Ne6 24. Ne5 Bd6 25. f4 Bxe5 26. fxe5 c5 27. Rf1 Rd7 28. Kg2 b6 29. Rf2 a5 30. a3 Kd8 31. Rd2 Rxd2+ 32. Bxd2 Nd4 33. c4 Ke7 34. Kf2 Ke6 35. Bf4 Nc6 36. Ke3 Nxe5 37. b3 a4 38. bxa4 Nxc4+ 39. Kd3 Nd6 40. Bg3 g5 41. Bf2 c4+ 42. Ke3 c3 43. Kd4 c2 44. Be3 g4 45. hxg4 hxg4 0-1

[Event "CAN-op"]
[Site "Edmonton CAN"]
[Date "2005.07.14"]
[Round "7"]
[White "Jiang, Louie"]
[Black "Me, Kevin"]
[Result "1-0"]
[WhiteElo "1895"]
[BlackElo "1737"]
[PlyCount "69"]
[GameId "2160767910901923"]
[EventDate "2005.07.09"]
[EventType "swiss"]
[EventRounds "10"]
[EventCountry "CAN"]
[SourceTitle "CBM 107 Extra"]
[Source "ChessBase"]
[SourceDate "2005.09.01"]
[SourceVersion "1"]
[SourceVersionDate "2005.09.01"]
[SourceQuality "1"]

1. e4 c5 2. Nf3 d6 3. d4 cxd4 4. Nxd4 Nf6 5. Nc3 a6 6. Be3 e5 7. Nb3 Be6 8. f3 Nbd7 9. g4 Nb6 10. g5 Nfd7 11. Qd2 Rc8 12. O-O-O Nc4 13. Bxc4 Rxc4 14. h4 b5 15. Kb1 b4 16. Nd5 Bxd5 17. Qxd5 Qc8 18. Rh2 Be7 19. h5 Qc6 20. Qd2 Qc7 21. Rg1 a5 22. g6 hxg6 23. hxg6 Rxh2 24. gxf7+ Kxf7 25. Qxh2 Nf6 26. Qg2 Bf8 27. Bg5 a4 28. Bxf6 gxf6 29. Rh1 Bg7 30. Nc1 a3 31. Rg1 Bf8 32. Qg8+ Ke7 33. Rh1 Ke8 34. Qe6+ Kd8 35. Rh8 1-0

[Event "CAN-op"]
[Site "Edmonton CAN"]
[Date "2005.07.14"]
[Round "7"]
[White "Johnson, Dean"]
[Black "Peterson, Curtis"]
[Result "0-1"]
[WhiteElo "1588"]
[BlackElo "1884"]
[PlyCount "78"]
[GameId "2160767910901924"]
[EventDate "2005.07.09"]
[EventType "swiss"]
[EventRounds "10"]
[EventCountry "CAN"]
[SourceTitle "CBM 107 Extra"]
[Source "ChessBase"]
[SourceDate "2005.09.01"]
[SourceVersion "1"]
[SourceVersionDate "2005.09.01"]
[SourceQuality "1"]

1. c4 c5 2. g3 Nc6 3. Bg2 g6 4. Nc3 Bg7 5. e3 e5 6. Nge2 Nge7 7. d4 exd4 8. exd4 Nxd4 9. Nxd4 Bxd4 10. Nb5 Nf5 11. Qe2+ Kf8 12. Nxd4 Nxd4 13. Bh6+ Kg8 14. Qe5 Nf5 15. Bd2 d6 16. Qe4 Bd7 17. Qxb7 Rb8 18. Qe4 Nd4 19. O-O Bc6 20. Qd3 Bxg2 21. Kxg2 Rxb2 22. Bc3 Qa8+ 23. Kh3 Qc8+ 24. Kg2 Qa8+ 25. Kh3 Qc8+ 26. Kg2 Qc6+ 27. Kh3 Qd7+ 28. Kg2 Qb7+ 29. Kh3 h5 30. Bxd4 cxd4 31. Qxd4 h4 32. Qxd6 Qf3 33. Qd8+ Kh7 34. Qd4 hxg3 35. fxg3 Qg2+ 36. Kg4 Qe2+ 37. Kg5 Qh5+ 38. Kf4 Qf5+ 39. Ke3 Re8+ 0-1

[Event "CAN-op"]
[Site "Edmonton CAN"]
[Date "2005.07.14"]
[Round "7"]
[White "Jones, Avery"]
[Black "Milner, Din"]
[Result "1-0"]
[WhiteElo "1582"]
[BlackElo "1132"]
[PlyCount "55"]
[GameId "2160767910901925"]
[EventDate "2005.07.09"]
[EventType "swiss"]
[EventRounds "10"]
[EventCountry "CAN"]
[SourceTitle "CBM 107 Extra"]
[Source "ChessBase"]
[SourceDate "2005.09.01"]
[SourceVersion "1"]
[SourceVersionDate "2005.09.01"]
[SourceQuality "1"]

1. d4 d5 2. Nf3 Nc6 3. e3 Nf6 4. c3 Ne4 5. Nbd2 Bf5 6. Qa4 a6 7. Ne5 b5 8. Nxc6 bxa4 9. Nxd8 Rxd8 10. Bxa6 Nxd2 11. Bxd2 c6 12. O-O Rd6 13. a3 Rg6 14. Rfe1 Bh3 15. g3 h5 16. Bd3 f5 17. Bf1 Bg4 18. h4 e6 19. Kh2 Bd6 20. Rac1 Bf3 21. c4 Rg4 22. Kh3 g5 23. Be2 Bxe2 24. Rxe2 gxh4 25. cxd5 hxg3 26. f3 Rg5 27. dxe6 Rhg8 28. Rg2 1-0

[Event "CAN-op"]
[Site "Edmonton CAN"]
[Date "2005.07.14"]
[Round "7"]
[White "Karmali, Hafiz"]
[Black "Yam, Alex"]
[Result "1-0"]
[WhiteElo "1867"]
[BlackElo "2048"]
[PlyCount "27"]
[GameId "2160767910901926"]
[EventDate "2005.07.09"]
[EventType "swiss"]
[EventRounds "10"]
[EventCountry "CAN"]
[SourceTitle "CBM 107 Extra"]
[Source "ChessBase"]
[SourceDate "2005.09.01"]
[SourceVersion "1"]
[SourceVersionDate "2005.09.01"]
[SourceQuality "1"]

1. d4 d5 2. c4 Nc6 3. Nc3 dxc4 4. e3 g6 5. Bxc4 Bg7 6. Nf3 Nh6 7. O-O Bg4 8. h3 Bxf3 9. Qxf3 O-O 10. Bd2 Ne5 11. Qe2 Nxc4 12. Qxc4 Nf5 13. Rfd1 c6 14. Ne4 1-0

[Event "CAN-op"]
[Site "Edmonton CAN"]
[Date "2005.07.14"]
[Round "7"]
[White "Keep, Richard"]
[Black "Aird, Ian"]
[Result "0-1"]
[WhiteElo "1777"]
[BlackElo "2070"]
[PlyCount "97"]
[GameId "2160767910901927"]
[EventDate "2005.07.09"]
[EventType "swiss"]
[EventRounds "10"]
[EventCountry "CAN"]
[SourceTitle "CBM 107 Extra"]
[Source "ChessBase"]
[SourceDate "2005.09.01"]
[SourceVersion "1"]
[SourceVersionDate "2005.09.01"]
[SourceQuality "1"]

1. e4 e5 2. Bc4 Nf6 3. Nf3 Nc6 4. Nc3 Nxe4 5. Nxe4 d5 6. Bd3 dxe4 7. Bxe4 Qd6 8. O-O Bd7 9. Re1 f6 10. Nh4 O-O-O 11. Nf5 Qc5 12. d3 Nd4 13. Nxd4 exd4 14. c3 Bd6 15. cxd4 Qa5 16. Bd2 Qa6 17. Qc2 f5 18. Bf3 Bb5 19. Be2 Rhe8 20. Bf1 f4 21. a3 f3 22. Bg5 Rxe1 23. Rxe1 Rf8 24. Qb3 Qa5 25. Qc3 Qxc3 26. bxc3 fxg2 27. Kxg2 Bc6+ 28. Kg1 Bxa3 29. Ra1 Bb2 30. Rxa7 Kb8 31. Ra2 Bxc3 32. Be3 Rd8 33. Bh3 Bxd4 34. Bf5 g6 35. Be4 Bxe4 36. dxe4 Bxe3 37. fxe3 Rf8 38. Kg2 c6 39. Kg3 Kc7 40. Rd2 b5 41. Kg4 b4 42. h4 b3 43. Rb2 Rb8 44. Kg5 c5 45. e5 c4 46. Kf6 c3 47. Kg7 cxb2 48. Kxh7 b1=Q 49. Kh6 0-1

[Event "CAN-op"]
[Site "Edmonton CAN"]
[Date "2005.07.14"]
[Round "7"]
[White "Krush, Irina"]
[Black "Thipsay, Bagyashree Sathe"]
[Result "1-0"]
[WhiteElo "2444"]
[BlackElo "2269"]
[PlyCount "129"]
[GameId "2160767910901929"]
[EventDate "2005.07.09"]
[EventType "swiss"]
[EventRounds "10"]
[EventCountry "CAN"]
[SourceTitle "CBM 107 Extra"]
[Source "ChessBase"]
[SourceDate "2005.09.01"]
[SourceVersion "1"]
[SourceVersionDate "2005.09.01"]
[SourceQuality "1"]

1. d4 e6 2. e4 d5 3. Nd2 dxe4 4. Nxe4 Nd7 5. Nf3 Ngf6 6. Nxf6+ Nxf6 7. c3 c5 8. Ne5 a6 9. Qa4+ Nd7 10. Be3 cxd4 11. Bxd4 f6 12. Nf3 Bd6 13. Bc4 Kf7 14. O-O-O Nb6 15. Bxb6 Qxb6 16. Nd4 Be5 17. Kb1 Rd8 18. Nf3 Bd6 19. Rhe1 Bc5 20. Rxd8 Qxd8 21. Nd4 Bxd4 22. cxd4 Qd6 23. Qa5 Bd7 24. Qh5+ Kg8 25. Qc5 Qxc5 26. dxc5 Kf7 27. Rd1 Ke7 28. Rd6 Rc8 29. b4 Rc6 30. Rd2 Rc7 31. Kb2 Bc6 32. g3 Rd7 33. Re2 Bd5 34. Bxd5 Rxd5 35. Kc3 Rh5 36. h4 Kd7 37. Rd2+ Kc7 38. Re2 Kd7 39. Rd2+ Kc7 40. Kc4 Re5 41. f4 Re1 42. a3 Rc1+ 43. Kb3 Rb1+ 44. Ka4 Re1 45. Rd3 e5 46. fxe5 Rxe5 47. Ka5 Re1 48. Rc3 Kc6 49. a4 Re6 50. Rd3 Re5 51. Rd8 g5 52. Rd6+ Kc7 53. Rxf6 gxh4 54. gxh4 Rh5 55. Rf4 Kc6 56. Rc4 Kd5 57. Rf4 Kc6 58. Rg4 Kc7 59. Rc4 Rf5 60. b5 axb5 61. axb5 h5 62. Kb4 Rf1 63. Re4 Rh1 64. Re7+ Kc8 65. Ka5 1-0

[Event "CAN-op"]
[Site "Edmonton CAN"]
[Date "2005.07.14"]
[Round "7"]
[White "Kunte, Abhijit"]
[Black "Sundararajan, Kidambi"]
[Result "1/2-1/2"]
[WhiteElo "2601"]
[BlackElo "2524"]
[PlyCount "60"]
[GameId "2160767910901930"]
[EventDate "2005.07.09"]
[EventType "swiss"]
[EventRounds "10"]
[EventCountry "CAN"]
[SourceTitle "CBM 107 Extra"]
[Source "ChessBase"]
[SourceDate "2005.09.01"]
[SourceVersion "1"]
[SourceVersionDate "2005.09.01"]
[SourceQuality "1"]

1. Nf3 d5 2. e3 Nf6 3. b3 Bg4 4. Bb2 e6 5. h3 Bh5 6. Be2 c6 7. d3 Qa5+ 8. Nbd2 Ba3 9. Bxa3 Qxa3 10. O-O Nbd7 11. c4 O-O 12. Qc2 Qd6 13. Rfc1 Ne5 14. cxd5 Nxf3+ 15. Bxf3 Bxf3 16. Nxf3 exd5 17. Qc5 Qxc5 18. Rxc5 Nd7 19. Rc3 a5 20. Rb1 Ra6 21. a3 Rfa8 22. e4 dxe4 23. dxe4 Re8 24. Re1 Raa8 25. Nd4 Rad8 26. Nf5 Nf6 27. e5 g6 28. Ng3 Rd4 29. Rc5 a4 30. bxa4 Nd7 1/2-1/2

[Event "CAN-op"]
[Site "Edmonton CAN"]
[Date "2005.07.14"]
[Round "7"]
[White "Laming, Ryan"]
[Black "Nikouline, Alexandre"]
[Result "1-0"]
[WhiteElo "1756"]
[BlackElo "1947"]
[PlyCount "69"]
[GameId "2160767910901931"]
[EventDate "2005.07.09"]
[EventType "swiss"]
[EventRounds "10"]
[EventCountry "CAN"]
[SourceTitle "CBM 107 Extra"]
[Source "ChessBase"]
[SourceDate "2005.09.01"]
[SourceVersion "1"]
[SourceVersionDate "2005.09.01"]
[SourceQuality "1"]

1. d4 Nf6 2. c4 e6 3. Nc3 Bb4 4. e3 O-O 5. Bd3 b6 6. Nge2 Nc6 7. O-O Re8 8. a3 Bf8 9. e4 e5 10. d5 Nd4 11. f4 Bc5 12. Kh1 a5 13. fxe5 Rxe5 14. Bf4 d6 15. Bxe5 dxe5 16. Nxd4 exd4 17. Nb5 Ng4 18. Qf3 Ne5 19. Qg3 Qe7 20. Rf4 Ba6 21. b4 axb4 22. axb4 Bxb4 23. Nxd4 Bc3 24. Nf5 Qf6 25. Raf1 Bxc4 26. Bxc4 Nxc4 27. Nh6+ Qxh6 28. Qxc3 Nd6 29. h3 Nb5 30. Qc4 Ra3 31. Kh2 g5 32. Rxf7 Qd6+ 33. Kh1 Ra5 34. e5 Qxe5 35. Qd3 1-0

[Event "CAN-op"]
[Site "Edmonton CAN"]
[Date "2005.07.14"]
[Round "7"]
[White "Long, Hugh"]
[Black "Malito, Skylar"]
[Result "1/2-1/2"]
[WhiteElo "1780"]
[BlackElo "1661"]
[PlyCount "85"]
[GameId "2160767910901933"]
[EventDate "2005.07.09"]
[EventType "swiss"]
[EventRounds "10"]
[EventCountry "CAN"]

1. d4 Nf6 2. c4 e6 3. a3 Be7 4. Nc3 O-O 5. e4 d6 6. Nf3 b6 7. Bd3 Bb7 8. O-O Nbd7 9. Bg5 h6 10. Be3 c5 11. d5 Ng4 12. Bf4 g5 13. Bg3 e5 14. h3 Ngf6 15. Rb1 Nh5 16. Nxe5 Nxg3 17. Nxd7 Nxf1 18. Nxf8 Bxf8 19. Kxf1 Bg7 20. Ne2 Qf6 21. b4 Bc8 22. bxc5 bxc5 23. Qa4 Qd8 24. Qc6 Bd7 25. Qxd6 Qc8 26. Ng3 Bf8 27. Qf6 Bg7 28. Qf3 Qa6 29. Nf5 Be5 30. Qh5 Bxf5 31. exf5 Qf6 32. Qd1 Bc3 33. Qe2 Kf8 34. Qf3 Re8 35. g4 Ba5 36. Qg3 Qc3 37. Rb8 Bc7 38. Rxe8+ Kxe8 39. Qe3+ Be5 40. Kg2 f6 41. Be2 Qb2 42. a4 a5 43. Kf3 1/2-1/2

[Event "CAN-op"]
[Site "Edmonton CAN"]
[Date "2005.07.14"]
[Round "7"]
[White "Longson, Stan"]
[Black "Meller, Jeremy"]
[Result "1-0"]
[WhiteElo "1322"]
[BlackElo "1143"]
[PlyCount "127"]
[GameId "2160767910901935"]
[EventDate "2005.07.09"]
[EventType "swiss"]
[EventRounds "10"]
[EventCountry "CAN"]
[SourceTitle "CBM 107 Extra"]
[Source "ChessBase"]
[SourceDate "2005.09.01"]
[SourceVersion "1"]
[SourceVersionDate "2005.09.01"]
[SourceQuality "1"]

1. e4 c5 2. Nf3 Nf6 3. Nc3 e6 4. Bc4 a6 5. O-O d5 6. exd5 Nxd5 7. Nxd5 exd5 8. Re1+ Be6 9. Bf1 Qd7 10. d4 c4 11. c3 Bd6 12. Ng5 g6 13. Qe2 O-O 14. Qd2 Nc6 15. Nxe6 fxe6 16. Qc2 e5 17. Be3 e4 18. Be2 h5 19. Rf1 Bf4 20. Qd2 Bxe3 21. Qxe3 Rf6 22. f3 Qe6 23. fxe4 Rxf1+ 24. Rxf1 dxe4 25. Rf4 Re8 26. Bd1 b5 27. Bc2 b4 28. Rxe4 Qxe4 29. Bxe4 bxc3 30. bxc3 a5 31. Qf3 Ne7 32. Bd5+ Nxd5 33. Qxd5+ Kf8 34. Qxc4 Re4 35. Qc5+ Kf7 36. Qxa5 Kf6 37. Qa6+ Kf5 38. Qd3 g5 39. Qxe4+ Kxe4 40. a4 Kd5 41. Kf2 Kc6 42. Ke3 Kd5 43. a5 Kc6 44. Ke4 Kb5 45. Ke5 Kxa5 46. d5 Kb6 47. Ke6 Kc7 48. Ke7 h4 49. d6+ Kc6 50. d7 Kd5 51. d8=Q+ Ke5 52. Qf8 g4 53. g3 hxg3 54. hxg3 Ke4 55. Qf4+ Kd3 56. c4 Ke2 57. c5 Kd3 58. c6 Ke2 59. c7 Kd3 60. c8=Q Ke2 61. Qe6+ Kd1 62. Qfd6+ Kc2 63. Qc8+ Kb3 64. Qdb8+ 1-0

[Event "CAN-op"]
[Site "Edmonton CAN"]
[Date "2005.07.14"]
[Round "7"]
[White "MacKinnon, Keith"]
[Black "Pradzinski, Alex"]
[Result "1-0"]
[WhiteElo "1592"]
[BlackElo "1236"]
[PlyCount "47"]
[GameId "2160767910901936"]
[EventDate "2005.07.09"]
[EventType "swiss"]
[EventRounds "10"]
[EventCountry "CAN"]
[SourceTitle "CBM 107 Extra"]
[Source "ChessBase"]
[SourceDate "2005.09.01"]
[SourceVersion "1"]
[SourceVersionDate "2005.09.01"]
[SourceQuality "1"]

1. e4 c5 2. Nf3 d6 3. d4 Nd7 4. Nc3 Ngf6 5. e5 cxd4 6. exf6 dxc3 7. fxg7 Bxg7 8. b3 e5 9. Qxd6 e4 10. Nd4 Bxd4 11. Qxd4 Rg8 12. Qxe4+ Qe7 13. Qxe7+ Kxe7 14. Ba3+ Kd8 15. Bb4 Re8+ 16. Kd1 Nb6 17. Bxc3 Bf5 18. Bb5 Re6 19. Re1 Bg4+ 20. f3 Rd6+ 21. Kc1 Bf5 22. Re8+ Kc7 23. Rxa8 Nxa8 24. Be5 1-0

[Event "CAN-op"]
[Site "Edmonton CAN"]
[Date "2005.07.14"]
[Round "7"]
[White "MacLeod, Damon"]
[Black "Lyall, David"]
[Result "1/2-1/2"]
[WhiteElo "1601"]
[BlackElo "1477"]
[PlyCount "44"]
[GameId "2160767910901937"]
[EventDate "2005.07.09"]
[EventType "swiss"]
[EventRounds "10"]
[EventCountry "CAN"]
[SourceTitle "CBM 107 Extra"]
[Source "ChessBase"]
[SourceDate "2005.09.01"]
[SourceVersion "1"]
[SourceVersionDate "2005.09.01"]
[SourceQuality "1"]

1. e4 d6 2. d4 Nf6 3. Nc3 g6 4. Bd3 Bg7 5. Nge2 O-O 6. Be3 Nc6 7. f3 Qd7 8. Qd2 a6 9. O-O-O b5 10. Rdg1 Nb4 11. g4 Nxd3+ 12. Qxd3 b4 13. Nd1 Qa4 14. Qc4 Bd7 15. Nf4 e5 16. Nh5 Nxh5 17. gxh5 Be6 18. d5 Bd7 19. hxg6 fxg6 20. Rg3 Bb5 21. Qxc7 Rac8 22. Nc3 Rxc7 1/2-1/2

[Event "CAN-op"]
[Site "Edmonton CAN"]
[Date "2005.07.14"]
[Round "7"]
[White "Masson, Richard"]
[Black "Lauritson, Jim"]
[Result "0-1"]
[WhiteElo "1712"]
[BlackElo "1910"]
[PlyCount "78"]
[GameId "2160767910901939"]
[EventDate "2005.07.09"]
[EventType "swiss"]
[EventRounds "10"]
[EventCountry "CAN"]
[SourceTitle "CBM 107 Extra"]
[Source "ChessBase"]
[SourceDate "2005.09.01"]
[SourceVersion "1"]
[SourceVersionDate "2005.09.01"]
[SourceQuality "1"]

1. e4 c5 2. Nf3 e6 3. Nc3 Nc6 4. d3 g6 5. g3 Bg7 6. Bg2 Nge7 7. h3 Rb8 8. Nh2 b5 9. f4 b4 10. Ne2 O-O 11. Nf3 d6 12. g4 f5 13. g5 a5 14. Ng3 a4 15. h4 a3 16. Rb1 axb2 17. Bxb2 fxe4 18. Nxe4 Nd5 19. Bc1 Nxf4 20. Nf6+ Bxf6 21. Bxf4 Bg7 22. Bd2 Ne5 23. O-O Ng4 24. Kh1 Bd7 25. Qe2 Qa5 26. Qe4 Ne5 27. Nxe5 Bxe5 28. Qc4 d5 29. Bxd5 Qb6 30. Bg2 Rbc8 31. Rfe1 Bb8 32. Bh3 Rcd8 33. Re2 Qd6 34. Rbe1 Bc6+ 35. Kg1 Qg3+ 36. Rg2 Qxh3 37. Ree2 Bxg2 38. Rxg2 Bh2+ 39. Kh1 Rf1+ 0-1

[Event "CAN-op"]
[Site "Edmonton CAN"]
[Date "2005.07.14"]
[Round "7"]
[White "Mattson, Marvin"]
[Black "Daniluk, Jim"]
[Result "0-1"]
[WhiteElo "1703"]
[BlackElo "1969"]
[PlyCount "110"]
[GameId "2160767910901940"]
[EventDate "2005.07.09"]
[EventType "swiss"]
[EventRounds "10"]
[EventCountry "CAN"]
[SourceTitle "CBM 107 Extra"]
[Source "ChessBase"]
[SourceDate "2005.09.01"]
[SourceVersion "1"]
[SourceVersionDate "2005.09.01"]
[SourceQuality "1"]

1. c4 e5 2. Nc3 Nf6 3. g3 d5 4. cxd5 Nxd5 5. Bg2 Nb6 6. e3 Nc6 7. a3 Be7 8. Nge2 Bf5 9. e4 Bg4 10. h3 Be6 11. O-O Qd7 12. Kh2 Nd4 13. Nxd4 exd4 14. Ne2 d3 15. Nf4 h5 16. Nxe6 Qxe6 17. f4 g5 18. b3 h4 19. g4 gxf4 20. Bb2 Rg8 21. e5 c6 22. Rxf4 O-O-O 23. Be4 Kb8 24. Rc1 f6 25. Bf5 Qd5 26. Be4 Qd7 27. Rf5 fxe5 28. Bxe5+ Bd6 29. Kh1 Bxe5 30. Rxe5 Qd4 31. Re6 Rge8 32. Rxe8 Rxe8 33. Bg2 Qf2 34. Qf1 Qg3 35. Rd1 Re2 36. Qf8+ Kc7 37. Qf7+ Nd7 38. Qf3 Re1+ 39. Rxe1 Qxe1+ 40. Kh2 Qxd2 41. Qf5 Qc3 42. g5 d2 43. Bf3 Qe5+ 44. Qxe5+ Nxe5 45. Bd1 Kd7 46. Kg2 Ke7 47. Kf2 Nd3+ 48. Ke3 Nb2 49. Kxd2 Nxd1 50. Kxd1 Kf7 51. Ke2 Kg6 52. b4 Kxg5 53. Ke3 Kf5 54. Kf3 b6 55. Ke3 a5 0-1

[Event "CAN-op"]
[Site "Edmonton CAN"]
[Date "2005.07.14"]
[Round "7"]
[White "Meller, Caleb"]
[Black "Greber, Carter"]
[Result "1-0"]
[WhiteElo "1365"]
[BlackElo "1265"]
[PlyCount "107"]
[GameId "2160767910901941"]
[EventDate "2005.07.09"]
[EventType "swiss"]
[EventRounds "10"]
[EventCountry "CAN"]
[SourceTitle "CBM 107 Extra"]
[Source "ChessBase"]
[SourceDate "2005.09.01"]
[SourceVersion "1"]
[SourceVersionDate "2005.09.01"]
[SourceQuality "1"]

1. d4 Nf6 2. Nc3 e6 3. a3 Be7 4. Nf3 O-O 5. e4 d5 6. e5 Ne8 7. Bd3 c5 8. Be3 cxd4 9. Bxd4 Nc6 10. O-O Nxd4 11. Nxd4 Qc7 12. Qe2 Qc5 13. Rad1 g6 14. Nf3 b6 15. b4 Qxc3 16. Ra1 Qc7 17. c4 dxc4 18. Bxc4 Bb7 19. Nd4 Rd8 20. Rfd1 Ng7 21. f3 Nf5 22. Nxf5 Rxd1+ 23. Rxd1 exf5 24. e6 fxe6 25. Qxe6+ Kg7 26. Rd7 Bd5 27. Qxe7+ Rf7 28. Rxc7 Rxe7 29. Rxe7+ Kf6 30. Bxd5 Kxe7 31. a4 a5 32. bxa5 bxa5 33. h3 Kd6 34. Bb3 f4 35. Kf2 Kc5 36. g3 fxg3+ 37. Kxg3 Kb4 38. Bg8 h6 39. Bf7 g5 40. Be8 h5 41. h4 gxh4+ 42. Kxh4 Kc5 43. f4 Kd6 44. f5 Ke7 45. Bg6 Kf6 46. Kxh5 Ke7 47. Kg5 Kf8 48. f6 Kg8 49. f7+ Kf8 50. Kh6 Ke7 51. Kg7 Kd7 52. f8=Q Ke6 53. Qf5+ Kd6 54. Qxa5 1-0

[Event "CAN-op"]
[Site "Edmonton CAN"]
[Date "2005.07.14"]
[Round "7"]
[White "Meller, Marvin"]
[Black "Sagert, David"]
[Result "0-1"]
[WhiteElo "1561"]
[BlackElo "1810"]
[PlyCount "22"]
[GameId "2160767910901942"]
[EventDate "2005.07.09"]
[EventType "swiss"]
[EventRounds "10"]
[EventCountry "CAN"]
[SourceTitle "CBM 107 Extra"]
[Source "ChessBase"]
[SourceDate "2005.09.01"]
[SourceVersion "1"]
[SourceVersionDate "2005.09.01"]
[SourceQuality "1"]

1. d4 Nf6 2. c4 g6 3. d5 Bg7 4. Nc3 d6 5. h3 Nbd7 6. Ne4 Nxe4 7. f3 Ng3 8. Rh2 O-O 9. e4 e5 10. b4 Qh4 11. Be3 Nxe4+ 0-1